Fantastic Beasts Wands - Statistics

General Stats
  • This quiz has been taken 5 times
  • The average score is 17 of 26
Answer Stats
Movie Answer % Correct
Fantastic Beasts the Secrets of Dumbledore Aberforth Dumbledore
100%
Fantastic Beasts the Crimes of Grindelwald Albus Dumbledore
100%
Fantastic Beasts the Crimes of Grindelwald Gellert Grindelwald
100%
Fantastic Beasts the Crimes of Grindelwald Leta Lestrange
100%
Fantastic Beasts and Where to Find Them Newt Scamander
100%
Fantastic Beasts and Where to Find Them Queenie Goldstein
100%
Fantastic Beasts the Crimes of Grindelwald Theseus Scamander
100%
Fantastic Beasts and Where to Find Them Tina Goldstein
100%
Fantastic Beasts the Secrets of Dumbledore Credence
80%
Fantastic Beasts the Secrets of Dumbledore Jacob Kowalski
80%
Fantastic Beasts the Secrets of Dumbledore Anton Vogel
60%
Fantastic Beasts the Secrets of Dumbledore Liu Tao
60%
Fantastic Beasts the Crimes of Grindelwald Nicolas Flamel
60%
Fantastic Beasts and Where to Find Them Percival Graves
60%
Fantastic Beasts the Secrets of Dumbledore Vicência Santos
60%
Fantastic Beasts the Crimes of Grindelwald Yusuf Kama
60%
Fantastic Beasts the Crimes of Grindelwald Abernathy
40%
Fantastic Beasts the Crimes of Grindelwald Bunty
40%
Fantastic Beasts the Crimes of Grindelwald Corvus Lestrange Sr.
40%
Fantastic Beasts the Secrets of Dumbledore Fischer
40%
Fantastic Beasts the Secrets of Dumbledore Helmut
40%
Fantastic Beasts the Secrets of Dumbledore Lally Hicks
40%
Fantastic Beasts and Where to Find Them Seraphina Picquery
40%
Fantastic Beasts the Crimes of Grindelwald Skender
40%
Fantastic Beasts the Crimes of Grindelwald Spielman
40%
Fantastic Beasts the Crimes of Grindelwald Vinda Rosier
40%
No matching quizzes found
Score Distribution
Percent of People with Each Score
Percentile by Number Answered
Your Score History
You have not taken this quiz